| Tag |
First Indicator |
Second Indicator |
Subfields |
| LEADER |
00000cam a22000004a 4500 |
| 001 |
in00001764421 |
| 005 |
20151025091953.0 |
| 008 |
030502s2003 coua b 001 0 eng |
| 010 |
|
|
|a 2003010154
|
| 015 |
|
|
|a GBA3-X7128
|
| 020 |
|
|
|a 081334042X (alk. paper)
|
| 035 |
|
|
|a (OCoLC)ocm52055145
|
| 040 |
|
|
|a DLC
|c DLC
|d UKM
|d C#P
|d TXA
|d UtOrBLW
|
| 042 |
|
|
|a pcc
|
| 043 |
|
|
|a n-us---
|
| 049 |
|
|
|a TXAM
|
| 050 |
0 |
0 |
|a HV8699.U5
|b S72 2003
|
| 082 |
0 |
0 |
|a 364.66/0973
|2 21
|
| 100 |
1 |
|
|a Steelwater, Eliza.
|
| 245 |
1 |
4 |
|a The hangman's knot :
|b lynching, legal execution, and America's struggle with the death penalty /
|c Eliza Steelwater.
|
| 264 |
|
1 |
|a Boulder, Colo. :
|b Westview Press,
|c [2003]
|
| 264 |
|
4 |
|c ©2003
|
| 300 |
|
|
|a ix, 280 pages :
|b illustrations ;
|c 24 cm.
|
| 336 |
|
|
|a text
|b txt
|2 rdacontent
|
| 337 |
|
|
|a unmediated
|b n
|2 rdamedia
|
| 338 |
|
|
|a volume
|b nc
|2 rdacarrier
|
| 504 |
|
|
|a Includes bibliographical references (pages 243-272) and index.
|
| 650 |
|
0 |
|a Capital punishment
|z United States
|x History.
|
| 650 |
|
0 |
|a Executions and executioners
|z United States
|x History.
|
| 948 |
|
|
|a cataloged
|b h
|c 2003/8/26
|d c
|e ceaton
|f 1:59:31 pm
|
| 994 |
|
|
|a E0
|b TXA
|
| 999 |
|
|
|a MARS
|
| 999 |
f |
f |
|s 8b272ca9-8b42-34bd-8d69-c60f4e3cd968
|i ae03d24d-4be0-3be6-b777-f289d263b282
|t 0
|
| 952 |
f |
f |
|p normal
|a Texas A&M University
|b College Station
|c Sterling C. Evans Library
|d Evans: Library Stacks
|t 0
|e HV8699.U5 S72 2003
|h Library of Congress classification
|i unmediated -- volume
|m A14830473858
|
| 998 |
f |
f |
|a HV8699.U5 S72 2003
|t 0
|l Evans: Library Stacks
|